000 00590nam a22001937a 4500
005 20250424170446.0
010 _aENG-144749
020 _a9788197279560
_c550.00
035 _aEN-128281
037 _bDBAD
082 _a954
245 _aHistory IAS Mains Q&A/
_cEdited by N.N. Ojha
260 _aNoida
_bChronicle Publication
270 _aA-27D, Sector 16
_bNoida
_e201301
_k0120-2514610/12
_minfo@chronicleindia.in
300 _a435p.
_c28cm(pbk)
500 _a 2009-2023 Topic-wise PYQ Solved Papers
700 _aOjha, N.N.
_977953
942 _2ddc
_cEN
_h954
_mHIS
999 _c209345
_d209345